000 00875nam a2200241 a 4500
999 _c2546
_d2546
008 200609s2019 ii a|||| m|||a00| 0 eng d
040 _aKO
_beng
041 0 _aeng
044 _aii
082 0 4 _223
_a378.242
_bIRM1846
100 1 _aMohanty, Siba Sankar
_eResearcher
245 1 0 _aContainer Terminal Operations of ADANI International Container Terminal Private Limited (AICTPL) /
_cSiba Sankar Mohanty ; Guide Dr. Jayan P. A.
260 _aKochi :
_bIndian Maritime University,
_c2019
300 _avarious pagenation. :
_bill. ;
_c29 cm.
490 0 _aMBA Internship 2018-2020 ;
_v1805304016
502 _aInternship (MBA)–Indian Maritime University. School of Maritime Management, 2019.
650 0 _aContainer terminals
655 7 _2lcsh
_aDissertations, Academic
_y2019
700 1 _aP. A., Jayan
_cDr.
_eGuide
904 _aReshma_R
942 _cTH